000
00213 a2200097 4500
001
9178
100
_a
Husain, S.I.
245
_a
Economic problems of Pakistan
260
_a
_b
Din Muhammad
_c
090
_c
7353
_d
7353
942
_a
NUST-CAE
_c
M
_c
33993
999
_c
244251
_d
244251